000 00920nam a22002892a 4500
001 10354
003 BD RJUL
005 20211208234935.0
008 230114s1931 sz a i000 0 eng d
035 _a BD RJUL
040 _aCSJ
_cCSJ
_d BD RJUL
_beng
041 _aeng
082 _a338.15
_bAGR 1931
090 _aHD1411
_b.L4 1931
110 2 _aLeague of Nations.
_bEconomic Committee.
_931996
245 1 4 _aThe agricultural crisis /
260 _aGeneva,
_c1931.
300 _a1 v. 322 p.:
_btables, diagrs.
_c26 cm
490 1 _aLeague of Nations publications. II, Economic and financial ;
_v1931. II. B.12
500 _aOfficial no.: C.239.M.105.1931. II. B.
500 _aErrata slip to v. 1 laid in
650 0 _aAgriculture
_xEconomic aspects
_931997
830 0 _v1931. II. B.12
_931998
710 2 _aLeague of Nations.
_931999
830 0 _aLeague of Nations publications.
_932000
942 _2ddc
_cBK
999 _c10354
_d10354